000 00392nam a2200145Ia 4500
005 20260328104313.0
008 260328s9999||||xx |||||||||||||| ||und||
100 _aRodwin, Lloyd
245 0 _aNations and Cities :
_b A Comparison of Strategies for Urban Growth /
_cLloyd Rodwin
250 _aLimitada
260 _bHoughton Mifflin
300 _a395 p.
650 _aURBANISMO
942 _cBK
999 _c11067
_d11067